000 00663nam a2200253Ia 4500
003 OSt
005 20220918174833.0
006 a|||||r|||| 00| 0
007 ta
008 220917b |||||||| |||| 00| 0 eng d
024 _a14,361
037 _cTextual
040 _aARTS
_cARTS
_beng
041 _2eng
_aeng
082 _aNQ5, J, L2;L8
100 _aGombrich E H
_951567
245 0 _aSymbolic images
_b Studies in the art od the Renasissance
250 _a2nd
260 _aOxford
_bPhaidon
_c1978
300 _aviii, 247p.
_ccm.
650 _aARTS
942 _hNQ5, J, L2;L8
_cTEXL
_2CC
999 _c154909
_d154909